Kraje Niezrzeszone z FIFA - Statystyki

Ogólne statystyki
  • Ten quiz został rozwiązany 97 razy
  • Średni wynik to 5 z 8
Statystyki odpowiedzi
Kontynent Kraj % Poprawnych
Europa Watykan
93%
Europa Monako
77%
Australia I Oceania Tuvalu
60%
Australia I Oceania Palau
58%
Australia I Oceania Nauru
53%
Australia I Oceania Mikronezja
52%
Australia I Oceania Kiribati
49%
Europa Wielka Brytania
28%
Nie znaleziono quizów pasujących do podanych kryteriów
Rozkład punktacji
Procent ludzi z każdym wynikiem
Percentyl według liczby udzielonych odpowiedzi
Twoja historia wyników
Nie rozwiązałeś tego quizu